【無機】分子式から物質名+金属名から合金(高校範囲) - Statistics

General Stats
  • This quiz has been taken 21 times
  • The average score is 106 of 171
Answer Stats
水素分子式 物質名 備考 % Correct
H₂ 水素
100%
H₂O
100%
He ヘリウム 貴ガス
100%
Ne ネオン 貴ガス
100%
Ar アルゴン 貴ガス空気中に三番目に多い
100%
Kr クリプトン 貴ガス
100%
F₂ フッ素 気体、淡黄色
100%
NaCl 塩化ナトリウム 強酸と強塩基の塩
100%
O₂ 酸素 空気中に二番目に多い
100%
O₃ オゾン 淡青色、特異臭、酸化剤
100%
H₂S 硫化水素 腐卵臭、有毒、aqは弱酸、還元剤
100%
Na ナトリウム アルカリ金属、炎色黄
100%
H₂O₂ 過酸化水素 酸化剤(還元剤)
94%
Xe キセノン 貴ガス
94%
Cl₂ 塩素 気体、黄緑色、酸化剤
94%
Br₂ 臭素 水とわずかに反応
94%
I₂ ヨウ素 水に難溶、KIaqには可溶
94%
H₂SO₄ 硫酸 不揮発性の液体。強酸。接触法
94%
N₂ 窒素 空気中に一番目に多い
94%
NH₃ アンモニア 刺激臭の気体、水によく溶け、弱酸
94%
HNO₃ 硝酸 揮発性、発煙性の液体。強酸。オストワルト法
94%
CO 一酸化炭素 有毒、強い還元剤
94%
CO₂ 二酸化炭素 温室効果ガス
94%
Li リチウム アルカリ金属、炎色赤
94%
K カリウム アルカリ金属、炎色赤紫
94%
Be ベリリウム (アルカリ土類金属)
94%
Mg マグネシウム (アルカリ土類金属)
94%
Ca カルシウム アルカリ土類金属、炎色橙赤色
94%
Al アルミニウム 両性金属。
94%
Zn 亜鉛 両性金属
94%
HF フッ化水素 沸点が高い(水素結合)水と激しく反応
89%
HCl 塩化水素 無色、刺激臭、有毒、水によく溶ける
89%
HClaq 塩酸 強酸
89%
AgCl 塩化銀(Ⅰ) 白色沈殿 | 白色沈殿。水に難溶。アンモニア水に可溶。
89%
KI ヨウ化カリウム
89%
AgI ヨウ化銀(Ⅰ) 黄色沈殿 | 黄色沈殿。水に難溶。アンモニア水に難溶。
89%
NaOH 水酸化ナトリウム 白い固体、潮解性、aqは強塩基イオン交換膜法
89%
KOH 水酸化カリウム 強酸
89%
MgO 酸化マグネシウム
89%
MgCl 塩化マグネシウム 白、潮解性。にがり
89%
CaO 酸化カルシウム 白。水と反応してCa(OH)白。水と反応してCa(OH)₂
89%
Ca(OH)₂ 水酸化カルシウム 白。aqは石灰水。
89%
CaCO₃ 炭酸カルシウム 白。大理石
89%
CaCl₂ 塩化カルシウム 白、潮解性。乾燥剤
89%
Ba バリウム アルカリ土類金属、炎色黄緑
89%
Co コバルト 遷移金属。磁性
89%
NH₄Cl 塩化アンモニウム 強酸と弱塩基の塩(白煙)
83%
AgBr 臭化銀(Ⅰ) 淡黄色沈殿 | 淡黄色沈殿。水に難溶
83%
HI ヨウ化水素 aqは強酸
83%
NO₂ 二酸化窒素 赤褐色、刺激臭の気体、aqは弱酸
83%
H₃PO₄ リン酸 中程度の酸。潮解性あり
83%
C(黒色) 黒鉛 炭素の同素体の一つで電気伝導性あり
83%
Cs セシウム アルカリ金属
83%
CaSO₄ 硫酸カルシウム 二水和物はセッコウ。
83%
BaSO₄ 硫酸バリウム 水に難溶、X線撮影の造影剤
83%
AlCl₃ 塩化アルミニウム
83%
Al₂O₃ 酸化アルミニウム 白、両性酸化物
83%
Al(OH)₃ 水酸化アルミニウム 白、両性水酸化物。Al³⁺aqにNaOHaq(NH₃aq)をいれるとできる
83%
ZnCl₂ 塩化亜鉛
83%
ZnO 酸化亜鉛 両性酸化物、白色顔料
83%
Zn(OH)₂ 水酸化亜鉛 白、両性水酸化物。 Zn²⁺aqにNaOHaq(NH₃aq)をいれるとできる
83%
Sn スズ 両性金属
83%
HBr 臭化水素 aqは強酸
78%
P₄ 黄リン おうリン。有毒。自然発火するため水中保存
78%
SiO₂ 二酸化ケイ素 ガラスの主成分
78%
Na₂CO₃ 炭酸ナトリウム aqは弱塩基
78%
NaHCO₃ 炭酸水素ナトリウム aqは弱塩基
78%
Rb ルビジウム アルカリ金属
78%
CaC₂ 炭化カルシウム H₂O加えるとアセチレン
78%
Sr ストロンチウム アルカリ土類金属、炎色紅
78%
Pb 両性金属、(青)
78%
Ti チタン 遷移金属
78%
Ni ニッケル 遷移金属。空気中でち密な酸化被膜。磁性
78%
SO₂ 二酸化硫黄 刺激臭、有毒、aqは弱酸、還元剤(酸化剤)
72%
NO 一酸化窒素 気体。水に難溶
72%
Ca₃(PO₄)₂ リン酸カルシウム 骨や歯の主成分
72%
C(無色) ダイヤモンド 炭素の同素体の一つで硬い。
72%
Sc スカンジウム 遷移金属
72%
V バナジウム 遷移金属
72%
Mn マンガン 遷移金属。
72%
Au 遷移金属。黄金色。展性、延性が最大。王水に溶ける
72%
Sₓ ゴム状硫黄 鎖状分子
67%
P(層状の高分子) 赤リン せきリン。
67%
Cr クロム 遷移金属。
67%
Fe 遷移金属。磁性。
67%
Cu 遷移金属。赤色光沢。炎色青緑色
67%
Ag 遷移金属。熱、電気の良導体。
67%
Cd カドミウム 遷移金属。イタイイタイ病の原因
67%
Pt 白金 触媒で使用。イオン化傾向はAuに次いで小さい。
67%
Hg 水銀 遷移金属。常温で液体。蒸気は猛毒。有機--は水俣病の原因。
67%
HFaq フッ化水素酸 弱酸
61%
HClO 次亜塩素酸 漂白殺菌
61%
AgF フッ化銀(Ⅰ) 水に可溶。
61%
Ag₂O 酸化銀(Ⅰ) 褐色沈殿。Ag⁺にNaOH(水酸化物は不安定)
61%
W タングステン フィラメントなどに使われる
61%
HClO₄ 過塩素酸
56%
HClO₃ 塩素酸
56%
HClO₂ 亜塩素酸
56%
NaClO 次亜塩素酸ナトリウム 漂白殺菌
56%
S₈(塊状) 斜方硫黄
56%
S₈(針状) 単斜硫黄 S₈(塊状)を融解し、結晶にしたもの
56%
H₂SiO₃ ケイ酸 乾燥させるとシリカゲル
56%
Ag₂S 硫化銀(Ⅰ) H₂Sと金属銀の反応で生成
56%
CdS 硫化カドミウム カドミウムイエロー(黄色顔料)
56%
Hgとほかの金属 アマルガム 合金。
56%
V₂O₅ 酸化バナジウム(Ⅴ) 様々な場面で触媒になる接触法、ナフタレンから無水フタル酸、ベンゼンから無水マレイン酸
50%
Fe₂O₃ 酸化鉄(Ⅲ) 赤褐色。水に難溶。酸に溶解
50%
CuO 酸化銅(Ⅱ) 黒色。空気中で酸化でできる
50%
FeとCrとNi ステンレス鋼 合金。さびにくい。
50%
CuとZn 黄銅(真鍮) 合金。
50%
CuとSn 青銅(ブロンズ) 合金。
50%
NaH 水素化ナトリウム Naの酸化数は-1。
44%
PbCl₂ 塩化鉛(Ⅱ) 水に難溶
44%
PbI₂ ヨウ化鉛(Ⅱ) 黄色。水に難溶
44%
PbO 酸化鉛(Ⅱ) 黄色。両性酸化物
44%
MnO₂ 酸化マンガン(Ⅳ) 酸化剤。
44%
CoCl₂ 塩化コバルト(Ⅱ) 青色。
44%
Cu₂S 硫化銅(Ⅰ) 黄銅鉱(主成分CuFeS₂)から生成。
44%
Cu₂O 酸化銅(Ⅰ) 赤色。酸化剤。フェーリング液の還元で生じる
44%
CuSO₄ 硫酸銅(Ⅱ) 白色。
44%
Na₂SiO₃ ケイ酸ナトリウム SiO₂とNaOH (Na₂CO₃)を強熱するとできる水を加えて加熱すると水ガラス
39%
SnCl₂ 塩化スズ(Ⅱ) 還元剤
39%
PbO₂ 酸化鉛(Ⅳ) 褐色~黒褐色。酸化剤。鉛蓄電池
39%
PbSO₄ 硫酸鉛(Ⅱ) 鉛蓄電池
39%
Fe₃O₄ 四酸化三鉄 黒色。
39%
KCN シアン化カリウム フッ化銀を除くハロゲン化銀は錯イオンを形成
39%
HgS 硫化水銀(Ⅱ) 黒色沈殿。昇華させると赤色顔料の朱。
39%
CuとNi 白銅 合金。
39%
AlとCuとMgとMn ジュラルミン 合金。軽くて強い。飛行機の機体など
39%
SiF₄ 四フッ化ケイ素 ガラスをHFで溶かした時の生成物
33%
CrO₄²⁻ クロム酸イオン 黄色aq。下と可逆的に反応
33%
Fe(OH)₂ 水酸化鉄(Ⅱ) 緑白色沈殿(NaOHとFe²⁺)
33%
Cu(OH)₂ 水酸化銅(Ⅱ) 青白色沈殿。Cu²⁺にアルカリ溶液。加熱するとCuO
33%
Ag₂CrO₄ クロム酸銀 赤褐色(暗赤色)沈殿
33%
NiとCr ニクロム 合金。ニはカタカナ。
33%
アデニン-リボース-P₃O₉H₄ ATP(アデノシン三リン酸) 生物の動力源高エネルギーリン酸結合
33%
CaCl(ClO)・H₂O さらし粉 漂白殺菌
28%
NH₄NO₂ 亜硝酸アンモニウム 加熱するとN₂発生
28%
P₄O₁₀ 十酸化四リン 乾燥剤
28%
Na₃AlF₆ 氷晶石 (これが含まれる石の名前)
28%
Cr₂O₇²⁻ 二クロム酸イオン 赤橙色aq。上と可逆的に反応。二は漢字。
28%
KMnO₄ 過マンガン酸カリウム aqは赤紫色、硫酸酸性下で強力な酸化剤
22%
FeSO₄・7H₂O 硫酸鉄(Ⅱ)七水和物 淡緑色
22%
FeCl₃・6H₂O 塩化鉄(Ⅲ)六水和物 黄褐色。水に可溶。潮解性
22%
NaOHとFe³⁺の反応物 水酸化鉄(Ⅲ) 赤褐色沈殿(実際には純粋な水酸化物ではない)
22%
CuSO₄・5H₂O 硫酸銅(Ⅱ)五水和物 青色。CuSO₄がこれになる反応は水の検出
22%
SnとAgとCuなど はんだ(無鉛) 合金。
22%
Ca(ClO)₂・2H₂O 高度さらし粉 漂白殺菌
17%
H₂S₂O₇ 二硫酸 発煙硫酸中に含まれる。硫酸2分子が脱水したもの
17%
Na₂S₂O₃ チオ硫酸ナトリウム
17%
LiCoO₂ コバルト酸リチウム リチウムイオン電池
17%
AlK(SO₄)₂・12H₂O ミョウバン 複塩、正確にはこれだけを表すものではない
17%
Pb₃O₄ 四酸化三鉛 赤色。水に不溶。赤色顔料
17%
CoCl₂・6H₂O 塩化コバルト(Ⅱ)六水和物 赤色。CoCl₂がこれになる反応は水の検出
17%
H₂SiF₆ ヘキサフルオロケイ酸 ガラスをHFaqで溶かした時の生成物
11%
Na[Al(OH)₄] テトラヒドロキシドアルミン酸ナトリウム Al³⁺aqに多量のNaOHaq 可溶
11%
[Cu(NH₃)₄]²⁺ テトラアンミン銅(Ⅱ)イオン 深青色。Cu²⁺に過剰NH₃。
11%
[Ag(NH₃)₂]⁺ ジアンミン銀(Ⅰ)イオン Ag⁺に過剰NH₃。
11%
Ca₃(H₂PO₄)₂ リン酸二水素カルシウム 肥料に使われる
6%
Na₂[Zn(OH)₄] テトラヒドロキシド亜鉛(Ⅱ)酸ナトリウム Zn²⁺aqに多量のNaOHaq 可溶
6%
Na₂[Zn(NH₃)₄] テトラアンミン亜鉛(Ⅱ)酸ナトリウム Zn²⁺aqに多量のNH₃aq 可溶
6%
K₄[Fe(CN)₆] ヘキサシアニド鉄(Ⅱ)酸カリウム Fe³⁺と反応して濃青色沈殿
6%
K₃[Fe(CN)₆] ヘキサシアニド鉄(Ⅲ)酸カリウム Fe³⁺と反応して濃青色沈殿
6%
KSCN チオシアン酸カリウム Fe³⁺と反応して血赤色沈殿
6%
[Ag(S₂O₃)₂]³⁻ ビス(チオスルファト)銀(Ⅰ)酸イオン 括弧まで正式名称。
6%
TiとNiなど 形状記憶合金 合金。
6%
NiO(OH) 水酸化酸化ニッケル(Ⅲ) ニッケル水素電池の正極
0%
MgとNiなど 水素貯蔵合金 合金。
0%
No matching quizzes found
Score Distribution
Percent of People with Each Score
Percentile by Number Answered
Your Score History
You have not taken this quiz